Design of a multiple utility drop tank dolly for different types of drop tanks installed in F-7P aircraft in defuelled as well as refuelled condition (Record no. 323047)
[ view plain ]
| 000 -LEADER | |
|---|---|
| fixed length control field | 00460 a2200133 4500 |
| 001 - CONTROL NUMBER | |
| control field | 87974 |
| 082 ## - DEWEY DECIMAL CLASSIFICATION NUMBER | |
| Classification number | PR 285 |
| 090 ## - LOCALLY ASSIGNED LC-TYPE CALL NUMBER (OCLC); LOCAL CALL NUMBER (RLIN) | |
| -- | 41443 |
| -- | 41443 |
| 100 ## - MAIN ENTRY--PERSONAL NAME | |
| Personal name | Umair Ahmed Siddiqui; Iqbal Rasool, Prof |
| 245 ## - TITLE STATEMENT | |
| Title | Design of a multiple utility drop tank dolly for different types of drop tanks installed in F-7P aircraft in defuelled as well as refuelled condition |
| Number of part/section of a work | G-67 |
| 260 ## - PUBLICATION, DISTRIBUTION, ETC. | |
| Place of publication, distribution, etc. | Risalpur |
| Name of publisher, distributor, etc. | NUST |
| Date of publication, distribution, etc. | 2009 |
| 300 ## - PHYSICAL DESCRIPTION | |
| Extent | vii, 36 p. |
| 500 ## - GENERAL NOTE | |
| General note | BE project reports AE |
| 942 ## - ADDED ENTRY ELEMENTS (KOHA) | |
| Institution code [OBSOLETE] | CAE NUST |
| Call number prefix | PR 285 |
| Withdrawn status | Lost status | Damaged status | Not for loan | Collection code | Permanent Location | Current Location | Date acquired | Total Checkouts | Full call number | Barcode | Date last seen | Price effective from | Koha item type |
|---|---|---|---|---|---|---|---|---|---|---|---|---|---|
| College of Aeronautical Engineering (CAE) | College of Aeronautical Engineering (CAE) | 04/03/2017 | PR 285 | CAEPR-285 | 04/05/2017 | 04/05/2017 | Book |
